| 000 | 00429nam a2200157Ia 4500 | ||
|---|---|---|---|
| 008 | 160316s1998 xxu||||| |||| 00| 0 eng d | ||
| 082 |
_a344.046000 _b |
||
| 100 | _a | ||
| 245 | _aEnglish materials on German environmental law | ||
| 250 | _a | ||
| 260 |
_a _bFederal Environmental Agency _c1998 |
||
| 300 |
_a11 _b _c |
||
| 365 | _b | ||
| 650 | _a1. Sources of the law 2. Dictionaries 3. List of further reading | ||
| 700 |
_a _a |
||
| 999 |
_c40929 _d40929 |
||